-INK Word Blitz Quiz Stats

Quiz Updated Aug 14, 2015

Also try: -ANG Word Blitz
Challenge
Share
Tweet
Embed
Score 0/11 Timer 01:00
0 Plays Today
Clue _INK Words % Correct
A skating arena???
93.7%
A basin in the kitchen???
93.6%
Flirt with one's eyes???
88.8%
Peter Pan's fairy friend, for short???
88.5%
Mammal used for its fur???
88.4%
Singer born Alecia Beth Moore???
80.5%
A bend in a piece of wire???
80.5%
Porcine sound???
67.2%
Hero of the Zelda games???
62.6%
An informer or rat???
60.3%
A dropshot or childless couple with two salaries???
51.6%

You're not logged in!

Compare scores with friends on all Sporcle quizzes.
Join for Free
OR
Log In

You Might Also Like...

Show Comments

Extras

Top Quizzes Today


Score Distribution

Your Account Isn't Verified!

In order to create a playlist on Sporcle, you need to verify the email address you used during registration. Go to your Sporcle Settings to finish the process.

Report this User

Report this user for behavior that violates our Community Guidelines.

Details: